Normal view
MARC view
- Brian T. Jones
Entry Corporate Name
001 - CONTROL NUMBER
- control field: 86707
003 - CONTROL NUMBER IDENTIFIER
- control field: OSt
005 - DATE AND TIME OF LATEST TRANSACTION
- control field: 20250930103533.0
008 - FIXED-LENGTH DATA ELEMENTS
- fixed length control field: 250930|| aca||aabn | a|a d
040 ## - CATALOGING SOURCE
- Original cataloging agency: OSt
- Transcribing agency: OSt
110 ## - HEADING--CORPORATE NAME
- Corporate name or jurisdiction name as entry element: Brian T. Jones
670 ## - SOURCE DATA FOUND
- Source citation: Work cat.: (OSt)49583: Jones, Frederic H. 86706, Fred Jones tools for teaching:, 2007.